Państwa, których flaga ma tylko biały i czerwony - Statystyki

Ogólne statystyki
  • Ten quiz został rozwiązany 46 razy
  • Średni wynik to 10 z 15
Statystyki odpowiedzi
Kontynent Państwo % Poprawnych
Europa Polska
100%
Europa Monako
98%
Azja Indonezja
85%
Europa/Azja Turcja
80%
Europa Dania
75%
Ameryka Północna Kanada
75%
Ameryka Południowa Peru
73%
Azja Japonia
68%
Europa Szwajcaria
65%
Europa Austria
63%
Afryka Tunezja
55%
Azja Singapur
50%
Azja Gruzja
45%
Azja Bahrajn
35%
Australia Tonga
35%
Nie znaleziono quizów pasujących do podanych kryteriów
Rozkład punktacji
Procent ludzi z każdym wynikiem
Percentyl według liczby udzielonych odpowiedzi
Twoja historia wyników
Nie rozwiązałeś tego quizu